000 00908nam a2200301 a 4500
003 AR-BaBNM
005 20251128205244.0
008 082120s2002 ||||||||||||||000 | spa||
040 _cAR-BaBNM
100 1 _aComerci, Santiago M.
245 0 0 _aDos expediciones argentinas a través de los antartandes
250 _a1ª ed.
260 _aBuenos Aires
_bDirección Nacional del Antártico
_c1993
300 _a45 p.
_bmapas, il., láms.
500 _aPlano del viaje desplegable que marca el itinerario.
504 _aContiene bibliografía para consultar p. 39 - 40
650 4 _aGEOGRAFIA REGIONAL
650 4 _aGEOGRAFIA CONTINENTAL
650 4 _aPERSONAL CIENTIFICO
650 4 _aGEOGRAFIA
650 4 _aGEOGRAFOS
650 4 _aZONAS CLIMATICAS
650 4 _aTOPOGRAFIA
650 4 _aHISTORIA MILITAR
710 2 _aInstituto Antártico Argentino
942 _cBK
998 _cmariana
999 _c10614
_d10614